Religion Quiz

Random Religion Quiz

The circles of hell according to Dante Quiz Stats

 Plays Quiz not verified by Sporcle

Challenge
Share
Tweet
Embed
Score 0/9 Timer 03:00
0 Plays Today
% Correct
Limbo
86.1%
Lust
83.3%
Avarice
51.4%
Violence
50%
Fraud
48.6%
Heresy
37.5%
Treason
30.6%
Guttony
15.3%
Wrath and Sloth
15.3%

You're not logged in!

Compare scores with friends on all Sporcle quizzes.
Join for Free
OR
Log In

You Might Also Like...

Show Comments

Extras

Created Dec 4, 2009ReportNominate
Tags:circle, dante, hell

Top Quizzes Today


Score Distribution

Your Account Isn't Verified!

In order to create a playlist on Sporcle, you need to verify the email address you used during registration. Go to your Sporcle Settings to finish the process.

Report this User

Report this user for behavior that violates our Community Guidelines.

Details: